Estádios das Finais da Copa do Mundo FIFA - Statistics

Estatísticas Gerais
  • Esse quiz foi jogado 184 vezes
  • A pontuação média é 6 de 21
Estatísticas das Respostas
Dica Resposta % Correto
1950 - Brasil Maracanã
96%
2014 - Brasil Maracanã
96%
1970 - México Estadio Azteca
52%
1986 - México Estadio Azteca
52%
1982 - Espanha Santiago Bernabeu
42%
1930 - Uruguai Estádio Centenario
36%
1998 - França Stade de France
35%
2002 - Japão/Coreia Yokohama
32%
1994 - EUA Rose Bowl
25%
2010 - África do Sul Soccer City
25%
1966 - Inglaterra Wembley Stadium
22%
1978 - Argentina Estadio Monumental
13%
1962 - Chile Estadio Nacional
12%
1974 - Alemanha Olympiastadion
9%
2006 - Alemanha Olympiastadion
9%
1958 - Suécia Rasunda
6%
2018 - Rússia Lujniki
5%
1990 - Itália Stadio Olimpico
5%
1938 - França Stade Olympique Yves-du-Manoir
2%
1934 - Itália Estadio Nazionale
1%
1954 - Suiça Wankdorfstadion
1%
Nenhum quiz correspondente encontrado
Distribuição das Pontuações
Porcentagem de Pessoas com Cada Pontuação
Percentil de Números Respondidos
Sua Pontuação Histórica
Você não jogou esse quiz